The crow / directed by Rupert Sanders ; written by James O’Barr, Zach Baylin, William Josef Schneider ; produced by Edward R. Pressman, Molly Hassell, John Jencks, Victor Hadida, Samuel Hadida. (Record no. 20984)
| 000 -LEADER | |
|---|---|
| fixed length control field | 01161nam a22002897a 4500 |
| 008 - FIXED-LENGTH DATA ELEMENTS--GENERAL INFORMATION | |
| fixed length control field | 250529b xxu||||| |||| 00| 0 eng d |
| 040 ## - CATALOGING SOURCE | |
| Transcribing agency | Cagayan State University |
| 082 ## - DEWEY DECIMAL CLASSIFICATION NUMBER | |
| Classification number | 791.4372 |
| Item number | C9531 2024 |
| 245 ## - TITLE STATEMENT | |
| Title | The crow / directed by Rupert Sanders ; written by James O’Barr, Zach Baylin, William Josef Schneider ; produced by Edward R. Pressman, Molly Hassell, John Jencks, Victor Hadida, Samuel Hadida. |
| 260 ## - PUBLICATION, DISTRIBUTION, ETC. (IMPRINT) | |
| Place of publication, distribution, etc | United States : |
| Name of publisher, distributor, etc | Lionsgate, |
| Date of publication, distribution, etc | 2024. |
| 300 ## - PHYSICAL DESCRIPTION | |
| Extent | 1 videofile, (ca. 111 min.) : |
| Other physical details | sound, color. |
| 520 ## - SUMMARY, ETC. | |
| Summary, etc | Soulmates Eric and Shelly are brutally murdered. Given a chance to save the love of his life, Eric must sacrifice himself and traverse the worlds of the living and the dead, seeking revenge. |
| 546 ## - LANGUAGE NOTE | |
| Language note | In English subtitle. |
| 650 ## - SUBJECT ADDED ENTRY--TOPICAL TERM | |
| Topical term or geographic name as entry element | Action. |
| 650 ## - SUBJECT ADDED ENTRY--TOPICAL TERM | |
| Topical term or geographic name as entry element | Crime. |
| 650 ## - SUBJECT ADDED ENTRY--TOPICAL TERM | |
| Topical term or geographic name as entry element | Fantasy. |
| 650 ## - SUBJECT ADDED ENTRY--TOPICAL TERM | |
| Topical term or geographic name as entry element | Horror. |
| 650 ## - SUBJECT ADDED ENTRY--TOPICAL TERM | |
| Topical term or geographic name as entry element | Romance. |
| 650 ## - SUBJECT ADDED ENTRY--TOPICAL TERM | |
| Topical term or geographic name as entry element | Thriller. |
| 700 ## - ADDED ENTRY--PERSONAL NAME | |
| Personal name | Skarsgård, Bill, star. |
| 700 ## - ADDED ENTRY--PERSONAL NAME | |
| Personal name | Twigs, FKA, star. |
| 700 ## - ADDED ENTRY--PERSONAL NAME | |
| Personal name | Huston Danny, star. |
| 700 ## - ADDED ENTRY--PERSONAL NAME | |
| Personal name | Annis, Steve, cinematographer. |
| 700 ## - ADDED ENTRY--PERSONAL NAME | |
| Personal name | Smith, Neil, editor. |
| 700 ## - ADDED ENTRY--PERSONAL NAME | |
| Personal name | Dickens, Chris, editor. |
| 942 ## - ADDED ENTRY ELEMENTS (KOHA) | |
| Source of classification or shelving scheme | |
| Item type | Audio-Visual Materials |
No copies available.